Maquiavelo intemporal en los 500 años de El Príncipe
Na minha lista:
| Autor Corporativo: | |
|---|---|
| Formato: | Livro |
| Idioma: | Undetermined |
| Publicado em: |
Uruguay
Fundación de Cultura Universitaria
2015
|
| Assuntos: | |
| Tags: |
Adicionar Tag
Sem tags, seja o primeiro a adicionar uma tag!
|
MARC
| LEADER | 00000nam a2200000Ia 4500 | ||
|---|---|---|---|
| 008 | 170316s9999 xx 000 0 und d | ||
| 040 | |a cru BVZT | ||
| 090 | |a 100 U-2.2m | ||
| 110 | |a Universidad de la República de Ururguay. Facultad de Derecho | ||
| 245 | |a Maquiavelo intemporal en los 500 años de El Príncipe | ||
| 260 | |a Uruguay | ||
| 260 | |b Fundación de Cultura Universitaria | ||
| 260 | |c 2015 | ||
| 300 | |a 295 páginas | ||
| 650 | |a FILOSOFÍA | ||
| 650 | |a MAQUIAVELO | ||
| 650 | |a EL PRÍNCIPE | ||
| 650 | |a CONFERENCIAS | ||
| 650 | |a PONENCIAS | ||
| 650 | |a ÉTICA | ||
| 650 | |a RELIGIÓN | ||
| 650 | |a POLÍTICA | ||
| 650 | |a REALISMO | ||
| 650 | |a UTOPÍA | ||
| 650 | |a PSICOANÁLISIS | ||
| 650 | |a EDUCACIÓN | ||
| 650 | |a CIUDADANO | ||
| 650 | |a REPÚBLICA | ||
| 942 | |c 15 D | ||
| 999 | |c 15270 |d 15270 | ||
